00814nam a22002412a 450000100060000000300080000600500170001400800410003103500190007204000320009104100080012308200200013109000150015110000230016624501110018926000380030030000290033850400200036765000200038794200120040799900170041995201360043616634BD-RjUL20211209000032.0140215t1938 enka 001 0 eng d a(BD-RjUL)16689 aSHHcSHHdEQOdDB-RjULbeng aeng04a797.2bLES 1938 aGV837b.L41 aLear, H. A.95139010aSwim like a fish :bhow to become an all-round swimmer /cby H. A. Lear... with foreword by Fred G. Milton aLondon :bA. Brown & Sons,c1938. a109 p. :bill. ;c19 cm. aincludes index. 0aSwimming951391 2ddccBK c16634d16634 00102ddc40718NFICaRUCLbRUCLcReadingd1966-05-04eAnstali g0.00l0o797.2 LES 1938r2014-02-15 00:00:00tC-1w2014-02-15yBK